Countries Vanilla Ice has Visited - Statistics

General Stats
  • This quiz has been taken 21 times
    7 since last reset
  • The average score is 17 of 22
Answer Stats
Continent Country % Correct
South America Brazil
100%
North America Canada
100%
Europe Germany
100%
Europe Italy
100%
North America Mexico
100%
Oceania New Zealand
100%
Asia/ Europe Russia
100%
Asia/ Europe Turkey
100%
Europe United Kingdom
100%
North America United States of America
100%
Oceania Australia
75%
Europe Belgium
75%
Europe Netherlands
75%
South America Peru
75%
Africa South Africa
75%
Asia United Arab Emirates
75%
Europe Finland
50%
North America Guatemala
50%
Europe Ireland
50%
Asia Philippines
50%
Europe Latvia
25%
Asia Malaysia
25%
No matching quizzes found
Score Distribution
Percent of People with Each Score
Percentile by Number Answered
Your Score History
You have not taken this quiz since the last reset